00542nam a2200193 a 4500001001300000003000900013005001700022008004100039020002600080082001600106100002400122245005100146260003100197300000900228500003500237505002600272650002600298700002400324nice12345678IN_TiNIC20260116014824.0050524s2001 dela grp 000 0 eng  a0892595 c755.0900a304.66bEBR aEbrahim, A F Mohsin aAbortion, Birth Controland Surrogate Parenting aDelhibHindustan Pubc2001 a103p aincludes index and biblioraphy2 aIndex, Quranic Verses aFamily-Planning Islam1 aEbrahim, A F Mohsin